=LDR 00000nam 2200000 4500 =001 001172 =005 20250710120805 =035 ##$$a 0010-0725000070 =007 ta =008 250710################a##########0#ind## =020 ##$$a 978-623-118-806-9 =082 ##$$a 398.209 598 =084 ##$$a 398.209 598 SAB a =100 #$$a Sabir =245 1#$$a Agar-Agar Pangeran Mallomo /$c Sabir =250 ##$$a Cetakan Pertama =260 ##$$a Jakarta Timur :$b Kementerian Pendidikan, Kebudayaan, Riset, dan Teknologi,$c 2023 =300 ##$$a 36 hlm : $b ilus. ; $c 21 x 29,7 cm =600 #4$$a Cerita anak-Indonesia =856 ##$$a TBM AS SUHADA